000 01361cam a22003974i 4500
003 PE-LiUPU
005 20250731173213.0
008 150625s r 000 0 d
035 _a(Sirsi) a32567
040 _aPE-LiUPU
_bspa
_cPE-LiUPU
_erda
082 0 4 _a223.2
_bM33
_221
100 1 _aMazariegos, Emilio L.,
_eautor.
245 1 0 _aSalmos del Alba.
264 1 _aSalamanca :
_bGraficas Ortega,
_c
300 _a148 páginas ;
_c21 cm.
336 _atext
_2rdacontent
337 _aunmediated
_2rdamedia
338 _avolume
_2rdacarrier
505 0 _aTenaz como si viera al invisible. -En busqueda de Dios. -Encuentro con Jesus, el Señor. -Seguidores de Jesus en el Espiritu. -Testigo del reino entre los hombres.
526 _aSEG42
526 _aSEG41
526 _aSEG40
526 _aSEG39
526 _aP94
526 _aP87
526 _aP86
526 _aP85
526 _aP77
526 _aP76
526 _aP35
942 _2ddc
_cBOOK
949 _a223.2 M33
_wDEWEY
_c1
_i39025
_lCCODEBUL1
_mBUL
_p00.00
_r0
_sY
_tBOOK
_u2015-06-25
_xBIBLIOTECA
_zUNKNOWN
_0COMPRA
_o.STAFF. Colección General
596 _a1
999 _a223.2 M33
_wDEWEY
_c40233
_i39025
_d40233
_f2021-11-9
_g5
_lCCODEBUL1
_mBUL
_q3
_r0
_sY
_tBOOK
_u2015-6-25
_xTEOLOGIA
_zUNKNOWN
_0COMPRA
_o.STAFF. Colección General
980 _81
_gALBERTO SANCHEZ Responsable de Automatización